Kanye West's Vocabulary Quiz Stats

 Plays Quiz Updated Mar 18, 2020

     
Support Sporcle.
Go Orange.
Score 0/20 Timer 05:00
4 Plays Today
% Correct
Breeze
92.1%
Esophagus
91.9%
Debt
91.5%
Ambition
91.2%
Vultures
91.1%
Testify
90.8%
Restraining
90.1%
Gnashing
90.1%
Hors d'oeuvres
89.8%
Memories
89.5%
% Correct
Astounding
89.3%
Ignorance
89%
Weary
88.7%
Presence
88.3%
Egotistic
87.4%
Dissertation
87%
Principle
85.9%
Insecure
85.6%
Scrutiny
81.3%
Vibe
73.7%

From the Vault

3000 Hits Club by Photo

by puckett86

Sports 6m
Sometimes, a picture is worth 3,000 hits.
Remove Ads.
Support Sporcle.
Get the best of Sporcle when you Go Orange. This ad-free experience offers more features, more stats, and more fun while also helping to support Sporcle. Thank you for becoming a member.

Show Comments

Extras

Top Quizzes Today


Score Distribution

Your Account Isn't Verified!

In order to create a playlist on Sporcle, you need to verify the email address you used during registration. Go to your Sporcle Settings to finish the process.

Report this User

Report this user for behavior that violates our Community Guidelines.

Details: